Southville International School and Colleges
Your cart is empty.
  • Cart
  • Lists
    Public lists Eva Luna New books Lux_list list_1
    Your lists Log in to create your own lists
  • Log in to your account
  • Your cookies
  • Search history
Southville International School and Colleges
  • Advanced search
  • Recent comments
  • Most popular
  • Libraries

Log in to your account

Log in with GOOGLE


If you do not have an external account, but do have a local account, you can still log in:

  1. Home
  2. MARC view: Service operations management :
Normal view MARC view ISBD view

Service operations management : (Record no. 21597)

[ view plain ]
MARC details
000 -LEADER
fixed length control field 00629nam a2200217 a 4500
005 - DATE AND TIME OF LATEST TRANSACTION
control field 20140310183332.0
008 - FIXED-LENGTH DATA ELEMENTS--GENERAL INFORMATION
fixed length control field 060824s19uu xx 00 eng d
020 ## - INTERNATIONAL STANDARD BOOK NUMBER
International Standard Book Number 0273683675
050 ## - LIBRARY OF CONGRESS CALL NUMBER
Classification number HD 9980.5
Item number .J647 2005
100 ## - MAIN ENTRY--PERSONAL NAME
Personal name Johnston, Robert
245 ## - TITLE STATEMENT
Title Service operations management :
Remainder of title improving service delivery /
Statement of responsibility, etc Robert Johnston
250 ## - EDITION STATEMENT
Edition statement 2nd ed.
260 ## - PUBLICATION, DISTRIBUTION, ETC. (IMPRINT)
Place of publication, distribution, etc England :
Name of publisher, distributor, etc Prentice Hall,
Date of publication, distribution, etc 2005.
300 ## - PHYSICAL DESCRIPTION
Extent 496 p. :
Other physical details col. ill. ;
Dimensions 25 cm.
500 ## - GENERAL NOTE
General note Include index
521 ## - TARGET AUDIENCE NOTE
Target audience note
650 ## - SUBJECT ADDED ENTRY--TOPICAL TERM
Topical term or geographic name as entry element Service industries
General subdivision management.
700 ## - ADDED ENTRY--PERSONAL NAME
Personal name Clark, Graham
942 ## - ADDED ENTRY ELEMENTS (KOHA)
Koha item type Books
Source of classification or shelving scheme Library of Congress Classification
Call number prefix Foreign
Holdings
Withdrawn status Lost status Source of classification or shelving scheme Damaged status Home library Current library Shelving location Date acquired Source of acquisition Cost, normal purchase price Total Checkouts Full call number Barcode Date last seen Date checked out Copy number Price effective from Koha item type
    Library of Congress Classification   College Library College Library General Circulation Section 08/24/2006   4480.00 1 HD 9980.5 .J647 2005 C7554 05/15/2018 03/02/2017 1 10/10/2013 Books

Service operations management :

APA

Johnston R., Clark G., . (2005). Service operations management. England: Prentice Hall.

Chicago

Johnston Robert, Clark Graham, . 2005. Service operations management. England: Prentice Hall.

Harvard

Johnston R., Clark G., . (2005). Service operations management. England: Prentice Hall.

MLA

Johnston Robert, Clark Graham, . Service operations management. England: Prentice Hall. 2005.

  • Place hold
  • Print
  • Cite
  • Add to your cart (remove)
  • Save record
    BIBTEX Dublin Core MARCXML MARC (non-Unicode/MARC-8) MARC (Unicode/UTF-8) MARC (Unicode/UTF-8, Standard) MODS (XML) RIS
  • More searches
    Search for this title in:
    Other Libraries (WorldCat) Other Databases (Google Scholar) Online Stores (Bookfinder.com) Open Library (openlibrary.org)

Exporting to Dublin Core...

SOUTHVILLE LIBRARY

Southville International School and Colleges Library

1281 Tropical Ave. Cor. Luxembourg St., BF Homes International, Las Pinas City

Tel. No. 8256374 / 252358 Loc. 117/146

Powered by Koha